| 000 | 00755nac a22002051u 4500 | ||
|---|---|---|---|
| 008 | 100919t1999 xxu|||||r|||| 001 0 eng d | ||
| 020 | _a0273638769 | ||
| 020 | _a978027363876 | ||
| 082 |
_a658.4012 _bSAM _222 |
||
| 100 |
_aSamson, Danny. _919477 |
||
| 245 |
_aPatterns of Excellence : _bThe New Principles of Corporate Success / _cDanny Samson and David Challis. |
||
| 260 |
_aHarlow : _bFinancial Times Prentice Hall, _c1999. |
||
| 300 |
_axv, 256 p. : _bill., ports. ; _c24 cm. |
||
| 504 | _aIncludes bibliographical references and index. | ||
| 650 |
_aSuccess in business. _919478 |
||
| 650 |
_aIndustrial management. _919479 |
||
| 650 |
_aStrategic planning. _919480 |
||
| 700 |
_aChallis, David. _919481 |
||
| 942 |
_cBB _k658.4012SAM _2ddc |
||
| 999 |
_c1147 _d1147 |
||